LEADER 01220nam a2200265 a 4500 001 000000164600 003 CaOOAMICUS 005 20171127113006.0 008 171127s1992 sp 001 0 spa r 032 $aLibriCat 040 $aPUL$bita 100 1 $aDíez Itza, Eliseo.$0(OLS)http://pul/name/105850 245 10$aPragmática evolutiva :$bcaracterísticas suprasegmentales del input lingüístico infantil /$cEliseo Diez Itza. 260 $aSalamanca :$b[s.n.],$c1992. 300 $a60 p. ;$c24 cm. 502 $aTesi. Universidad Pontificia de Salamanca. Facultad de Psicologia. 1992. 504 $aBibliografia in nota. 650 4$aLinguaggio infantile.$0(OLS)http://pul/subject/15536 710 2 $aUniversidad pontificia de Salamanca.$bFacultad de Psicologia.$kTesi.$0(OLS)http://pul/name/84913 850 $aPUL 852 $aPUL$W1$xDP1 Tesi Univ. Salamanca$y45$mTH UPSA 334$j188740$qTesi$B191904$CPULBib$Z2$F191904 $H70117 $82 941 1 $a16 996 $6245$aPragmática evolutiva :$bcaracterísticas suprasegmentales del input lingüístico infantil$9(OLS)http://pul/title/204283 996 $6260$aSalamanca :$b[s.n.]$9(OLS)http://pul/publisher/53020 LEADER 01678namaa2200349 i 4500 001 000000178050 003 CaOOAMICUS 005 20250911152337.0 007 tu 008 250911s2003 it a 000 u ita r 040 $aPUL$bita$erda 082 0 $a226.6 130 0 $aBiblia.$pN.T.$pActus apostolorum.$lItaliano.$0(OLS)http://pul/title/31670 245 10$aAtti degli Apostoli. 264 4$c©2003. 264 1$aCinisello Balsamo :$bSan Paolo,$c[2003] 300 $a70 pagine :$billustrazioni colorate ;$c28 cm 336 $atesto$btxt$2rdacontent 337 $asenza mediazione$bn$2rdamedia 338 $avolume$bnc$2rdacarrier 490 1 $aLa Bibbia: nuovissima versione dai testi originali 500 $aEdizione speciale distribuita come supplemento a Famiglia Cristiana, n. 48 del 30 novembre 2003. 500 $aLe miniature sono riprodotte in facsimile dalla Bibbia detta di Borso d'Este per gentile concessione della Biblioteca Universitaria Estense di Modena, e dal Leggendario Ungherese degli Angiò, Ms. Vat. Lat. 8541, per gentile concessione della Biblioteca Apostolica Vaticana. 830 3$aLa Bibbia : $bnuovissima versione dai testi originali.$0(OLS)http://pul/title/207700 850 $aPUL 852 $aPUL$W1$xDP1 Fondo Liberati$y125$m2 A 7$j7445$qFondi$B207041$CPULBib$Z2$F207041 $HLib280 $82 941 1 $a1 996 $6082$a226.6$9(OLS)http://pul/classification/437 996 $6245$aAtti degli Apostoli$9(OLS)http://pul/title/160615 996 $6264$aCinisello Balsamo :$bSan Paolo$9(OLS)http://pul/publisher/54577 996 $6264$a[S.l.] :$b[s.n.]$9(OLS)http://pul/publisher/0